000
00293nam a22001337a 4500
008
171013b xxu||||| |||| 00| 0 eng d
020
_a
9780071592819
041
_a
eng
080
_a
330.322
100
_a
51
101
_a
INV
245
_a
WHEN MARKETS GOLLIDE
_c
ELERIAN,M
942
_2
udc
_c
BK
999
_c
33832
_d
33832